Poľnohospodárstvo - hybná sila ekonomík Latinskej Ameriky diplomová práca
Enregistré dans:
| Auteur principal: | |
|---|---|
| Collectivité auteur: | |
| Autres auteurs: | |
| Format: | Livre |
| Langue: | slovaque |
| Publié: |
Bratislava
2008
|
| Tags: |
Pas de tags, Soyez le premier à ajouter un tag!
|
MARC
| LEADER | 00000nam$a2200000$$$4500 | ||
|---|---|---|---|
| 001 | 0085839 | ||
| 005 | 20240201120022.4 | ||
| 041 | 0 | |a slo | |
| 044 | |a SK | ||
| 245 | 1 | 0 | |a Poľnohospodárstvo - hybná sila ekonomík Latinskej Ameriky |b diplomová práca |c Tomáš Mažgut ; škol. Valéria Svobodová |
| 264 | 1 | |a Bratislava |c 2008 | |
| 300 | |a 70 s. | ||
| 100 | 1 | |a Mažgut, Tomáš | |
| 700 | 1 | |a Svobodová, Valéria | |
| 710 | 2 | |a Obchodná fakulta EU. Katedra medzinárodného obchodu | |